01684nam a2200409 c 450000100060000000300100000600500170001600700030003300800410003602000180007704000350009504100080013004300120013808200220015010000470017224501270021925000210034625000220036726400660038930000530045533600270050833700330053533800280056849000210059650001150061750400410073252100450077365000700081865000380088865000480092665000530097465000620102770000300108994200120111999900170113195201260114857760CO-BoRNBP20250730143841.0ta160801m20082016ck a fr 000 0 spa d a9789582004835 aCO-BoRNBPbspaerdacCO-BoRNBP0 aspa as-ck---04a372.868bE71a222 aEscobar Zamora, Cielo Patriciaeaut96153211a¡A bailar Colombia! :bdanzas para la educación básica /cCielo Patricia Escobar Zamora ; ilustrado por Sergio Arias. aCuarta edición aSegunda edición 1aBogotá, Colombia :bCooperativa Editorial Magisterio,c2016 a151 páginas :bilustraciones en blanco y negro atextobtxt2rdacontent asin mediaciónbn2rdamedia avolumenbnc2rdacarrier0 aArtísticamente aEl material de la dotación PNLB 2022 con código NARP-2022-00953, corresponde a la cuarta edición de 2016 aIncluye referencias bibliográficas aRecomendado para público especializado07aDanzas populares y nacionalesxenseñanzazColombia2lemb96153307aEducación primaria2lemb96153407aFolclorxenseñanzazColombia2lemb96153507aInstrumentos musicalesxenseñanza2lemb96153607aMúsica folclóricaxenseñanzazColombia2lemb961537 aArias, Sergioeill961538 2ddccBK c57760d57760 00102ddc4070aMEMACAREbMEMACAREcLITd2026-03-17l0o372.868 E71apLM02758r2026-03-17 16:01:16tEj.2w2026-03-17yBK